Positive psychology : the scientific and practical explorations of human strengths (Record no. 82072)

MARC details
000 -LEADER
fixed length control field 00673nam a2200205 a 4500
005 - DATE AND TIME OF LATEST TRANSACTION
control field 20241001080541.0
008 - FIXED-LENGTH DATA ELEMENTS--GENERAL INFORMATION
fixed length control field 211022s2015 ||||||||||||||||| || u
020 ## - INTERNATIONAL STANDARD BOOK NUMBER
International Standard Book Number 9781452276434
040 ## - CATALOGING SOURCE
Transcribing agency CBULib
050 ## - LIBRARY OF CONGRESS CALL NUMBER
Classification number BF 204.6 Sny
100 ## - MAIN ENTRY--PERSONAL NAME
Personal name Snyder, C. R
245 10 - TITLE STATEMENT
Title Positive psychology : the scientific and practical explorations of human strengths
Statement of responsibility, etc. / by C.R. Snyder; Shane J. Lopez; Jennipher Teramoto Redrotti
250 ## - EDITION STATEMENT
Edition statement Third edition
260 ## - PUBLICATION, DISTRIBUTION, ETC.
Place of publication, distribution, etc. Los Angeles
Name of publisher, distributor, etc. SAGE Publications
Date of publication, distribution, etc. 2015
300 ## - PHYSICAL DESCRIPTION
Extent xxvi, 571 pages : illustrations
650 ## - SUBJECT ADDED ENTRY--TOPICAL TERM
Topical term or geographic name entry element POSITIVE PSYCHOLOGY
700 ## - ADDED ENTRY--PERSONAL NAME
Personal name Lopez, Shane J
700 ## - ADDED ENTRY--PERSONAL NAME
Personal name Pedrotti, Jennifer Teramoto
942 ## - ADDED ENTRY ELEMENTS (KOHA)
Koha item type MONOGRAPH
999 ## -
-- 82072
-- 82072
Holdings
Withdrawn status Lost status Source of classification or shelving scheme Damaged status Not for loan Permanent Location Current Location Shelving location Date acquired Total Checkouts Full call number Barcode Date last seen Copy number Price effective from Koha item type Collection code Source of acquisition Cost, normal purchase price
          CBU-MAIN LIBRARY, KITWE. CBU-MAIN LIBRARY, KITWE.   09/12/2023   BF 204.6 Sny 751361 09/12/2023 1 09/12/2023 MONOGRAPH      
          CBU-MAIN LIBRARY, KITWE. CBU-MAIN LIBRARY, KITWE.   09/12/2023   BF 204.6 Sny 751359 09/12/2023 2 09/12/2023 MONOGRAPH      
          CBU-MAIN LIBRARY, KITWE. CBU-MAIN LIBRARY, KITWE.   09/12/2023   BF 204.6 Sny 751360 09/12/2023 3 09/12/2023 MONOGRAPH      
          CBU- LUSAKA CAMPUS CBU-MAIN LIBRARY, KITWE. General Stacks 08/28/2024   BF 204.6 Lop 751362 08/28/2024 4 08/28/2024   CBU-Lusaka Campus DON-BOOKAID 68.00